000
00336nam a2200145Ia 4500
008
150201s1997 xx 000 0 und d
082
_a
610.73
_b
N1997A
100
_a
ACKLY,BETTY J.
245
_a
NURSING DIAGNOSIS HANDBOOK
250
_a
3RD
260
_b
MOSBY
_a
DELHI
_c
1997
300
_a
1-350
650
_a
NURSING
942
_2
ddc
_c
BK
999
_c
4085
_d
4085